<?xml version="1.0" encoding="UTF-8"?>
<marc:record xmlns:marc="http://www.loc.gov/MARC21/slim">
   <marc:leader>00000nam a2200000 a 4500</marc:leader>
   <marc:datafield ind1="1" ind2=" " tag="100">
      <marc:subfield code="a">Klages, Simone</marc:subfield>
      <marc:subfield code="4">aut</marc:subfield>
      <marc:subfield code="e">Verfasser/-in</marc:subfield>
   </marc:datafield>
   <marc:datafield ind1="0" ind2="0" tag="245">
      <marc:subfield code="a">Die Detektive von Cismar... und das dritte Tattoo</marc:subfield>
   </marc:datafield>
   <marc:datafield ind1="0" ind2="0" tag="245">
      <marc:subfield code="b">Roman</marc:subfield>
   </marc:datafield>
   <marc:datafield ind1="0" ind2="0" tag="245">
      <marc:subfield code="c">Simone Klages ; ill. von Simone Klages</marc:subfield>
   </marc:datafield>
   <marc:datafield ind1=" " ind2="1" tag="264">
      <marc:subfield code="a">Weinheim, Bergstr</marc:subfield>
      <marc:subfield code="b">Beltz, J</marc:subfield>
   </marc:datafield>
   <marc:datafield ind1="1" ind2=" " tag="490">
      <marc:subfield code="a">Die Detektive von Cismar</marc:subfield>
   </marc:datafield>
   <marc:datafield ind1=" " ind2=" " tag="250">
      <marc:subfield code="a">1. Aufl.</marc:subfield>
   </marc:datafield>
   <marc:datafield ind1="1" ind2=" " tag="520">
      <marc:subfield code="a">Die Ferienfreunde Franzi, Hein und Hinnerk, bekannt als die Detektive von Cismar, laufen auch im 3. Band zu Höchstform auf. Franzi - und leider auch ihr kleiner Bruder Benni - sollen diesmal eine Woche ohne Eltern in Cismar an der Ostsee bei Lotte Hopps verbringen. Franzi ist zunächst begeistert, wird aber in Cismar herb enttäuscht: Hein ist verliebt und nur mit der kratzbürstigen Toxi beschäftigt, Hinnerk muss in der Imbissbude seines Onkels aushelfen. Doch Detektive ziehen Fälle an und diesmal sind es sogar 2. Beide hängen mit ungeklärten Ereignissen der Vergangenheit zusammen, einem früheren Diebstahl und einem verschwundenen Mann sowie 3 geheimnisvollen Tattoos. Als jetzt noch Falschgeld auftaucht, stürzt sich zunächst Franzi in die Ermittlungen. Hein und Hinnerk folgen bald und als Gefahr droht, ist auch Benni nicht weit, um immer im Weg zu stehen. Wiederum ein spannender, witziger Krimi, mit einer Heldin, die den Widrigkeiten des Alltags entschlossen entgegentritt. Natürlich gehen die nächsten Ferien wieder nach Cismar! Überall gerne warm empfohlen.</marc:subfield>
   </marc:datafield>
   <marc:datafield ind1=" " ind2=" " tag="020">
      <marc:subfield code="a">9783407740069</marc:subfield>
      <marc:subfield code="9">9783407740069</marc:subfield>
   </marc:datafield>
   <marc:datafield ind1=" " ind2=" " tag="300">
      <marc:subfield code="a">264 S.</marc:subfield>
   </marc:datafield>
</marc:record>
